LIBRARY & INFORMATION CENTRE, KCAET, TAVANUR

ONLINE PUBLIC ACCESS CATALOGUE (OPAC)

Strength of materials and mechanics of structures, Vol 2 / (Record no. 7397)

MARC details
000 -LEADER
fixed length control field 00326cam a2200121ua 4500
082 ## - DEWEY DECIMAL CLASSIFICATION NUMBER
Classification number 624.17
Item number PUN/ST
100 ## - MAIN ENTRY--AUTHOR NAME
Personal name Punmia, B C.
245 ## - TITLE STATEMENT
Title Strength of materials and mechanics of structures, Vol 2 /
250 ## - EDITION STATEMENT
Edition statement 8 /
260 ## - PUBLICATION, DISTRIBUTION, ETC. (IMPRINT)
Place of publication New Delhi :
Name of publisher Standard publishers Distributors ,
Year of publication 1989.
300 ## - PHYSICAL DESCRIPTION
Number of Pages 851 ; .
942 ## - ADDED ENTRY ELEMENTS (KOHA)
Koha item type Books
Holdings
Withdrawn status Lost status Damaged status Home library Current library Shelving location Date acquired Full call number Accession Number Koha item type
      KAUAET KAUAET Scheme 09/12/2013 624.17 PUN/ST 19154 Book Bank scheme for SC students
free website counter